Delitos contra la administración pública (Registro nro. 7272)
[ vista simple ]
| 000 -LEADER | |
|---|---|
| fixed length control field | 01318 a2200205 4500 |
| 001 - CONTROL NUMBER | |
| control field | 61332 |
| 005 - DATE AND TIME OF LATEST TRANSACTION | |
| control field | 20260407155903.0 |
| 008 - FIXED-LENGTH DATA ELEMENTS--GENERAL INFORMATION | |
| fixed length control field | 260407a1981 arg spa d |
| 003 - CONTROL NUMBER IDENTIFIER | |
| control field | AR-UNSa-BCEJYS |
| 040 ## - CATALOGING SOURCE | |
| Original cataloging agency | AR-UNSa-BCEJYS |
| Language of cataloging | spa |
| Transcribing agency | AR-UNSa-BCEJYS |
| 080 ## - UNIVERSAL DECIMAL CLASSIFICATION NUMBER | |
| Universal Decimal Classification number | 343.35 |
| Common auxiliary subdivision | Delitos contra la administración pública. Abuso de la función pública (Corrupción) |
| 041 ## - LANGUAGE CODE | |
| Language code of text/sound track or separate title | spa |
| 100 1# - MAIN ENTRY--PERSONAL NAME | |
| Personal name | Creus, Carlos |
| 245 10 - TITLE STATEMENT | |
| Title | Delitos contra la administración pública |
| Name of part/section of a work | Comentario de los artículos 237 a 281 del Código Penal |
| 264 #1 - PRODUCTION, PUBLICATION, DISTRIBUTION, MANUFACTURE, AND COPYRIGHT NOTICE | |
| Place of production, publication, distribution, manufacture | Buenos Aires : |
| Name of producer, publisher, distributor, manufacturer | Astrea |
| Date of production, publication, distribution, manufacture, or copyright notice | 1981 |
| 300 ## - PHYSICAL DESCRIPTION | |
| Extent | xxxix, 607 p. |
| Dimensions | 23 cm. |
| 505 ## - FORMATTED CONTENTS NOTE | |
| Formatted contents note | 1. Atentado y resistencia contra la autoridad - 2. Desacato – 3. Usurpación de autoridad, títulos u honores – 4. Abuso de autoridad y violación de los deberes de funcionarios públicos – 5. Violación de sellos y documentos – 6. Cohecho – 7. Malversación de caudales públicos – 8. Negociaciones incompatibles con el ejercicio de funciones públicas – 9. Exacciones ilegales – 9 BIS. Enriquecimiento ilícito de funcionarios públicos – 10. Prevaricato – 11. Denegación y retardo de justicia – 12. Denuncias y testimonios falsos – 13. Encubrimiento – 14. Evasión, quebrantamiento de pena y derecho de opción |
| 590 ## - LOCAL NOTE (RLIN) | |
| Local note | niveau_biblio:m niveau_hierar:0 |
| 942 ## - ADDED ENTRY ELEMENTS (KOHA) | |
| Koha item type | |
| Withdrawn status | Lost status | Damaged status | Not for loan | Home library | Current library | Shelving location | Date acquired | Total checkouts | Full call number | Barcode | Date last seen | Price effective from | Koha item type |
|---|---|---|---|---|---|---|---|---|---|---|---|---|---|
| Biblioteca Prof. Eusebio Cleto del Rey | Biblioteca Prof. Eusebio Cleto del Rey | 07/04/2026 | 343.35 C925 | L86447 | 07/04/2026 | 07/04/2026 | Libro |